[Event "Bottrop- Horst Emscher 2"]
[Site "?"]
[Date "2022.09.25"]
[Round "2.1"]
[White "Doenges, Dirk"]
[Black "Stadtmann, Jens"]
[Result "0-1"]
[WhiteElo "1798"]
[BlackElo "2184"]
[PlyCount "76"]
[SourceDate "2022.10.02"]

1. e4 e6 2. d4 d5 3. exd5 exd5 4. Nf3 Bg4 5. Be2 Bd6 6. Qd3 Nc6 7. c3 Nge7 8.
Nh4 Bxe2 9. Qxe2 Qd7 10. Be3 O-O-O 11. Nd2 Rde8 12. O-O-O f6 13. Qd3 g5 14.
Nhf3 Nf5 15. h3 h5 16. Nb3 Nxe3 17. fxe3 Rxe3 18. Qg6 Qe6 19. Rhe1 Ne7 20. Qg7
Rg8 21. Qh7 g4 22. hxg4 hxg4 23. Rxe3 Qxe3+ 24. Nfd2 f5 25. Rf1 f4 26. Qh4 Nf5
27. Qh7 Rf8 28. Qg6 Qg3 29. Nc5 Bxc5 30. dxc5 Ne3 31. Qh6 Re8 32. Qh5 Rd8 33.
Rg1 f3 34. Qg6 f2 35. Rf1 Nxf1 36. Nxf1 Qxg2 37. Qf5+ Kb8 38. Qd3 Qe4 0-1

[Event "Bottrop- Horst Emscher 2"]
[Site "?"]
[Date "2022.09.25"]
[Round "2.2"]
[White "Boehm, Joachim"]
[Black "Schorra, Helmut"]
[Result "1-0"]
[WhiteElo "2211"]
[BlackElo "2034"]
[PlyCount "77"]
[SourceDate "2022.10.02"]

1. d4 Nf6 2. c4 g6 3. Nc3 Bg7 4. Nf3 d6 5. Bg5 h6 6. Bh4 O-O 7. e3 c5 8. d5 Qa5
9. Nd2 a6 10. Bd3 Re8 11. O-O Nbd7 12. h3 Ne5 13. Be2 g5 14. Bg3 Bd7 15. f4 Ng6
16. Bd3 gxf4 17. exf4 b5 18. Qc2 Nf8 19. a3 Qb6 20. Kh1 e6 21. Rad1 exd5 22.
Nxd5 Nxd5 23. cxd5 c4 24. Be4 Qd4 25. Rb1 Rxe4 26. Qxe4 Qxd2 27. f5 Re8 28. Qg4
Qxd5 29. Rbd1 Qb7 30. Bxd6 Kh8 31. Rf3 Nh7 32. Rg3 Bxb2 33. Qh5 Bc6 34. Qxh6
Rg8 35. Be5+ f6 36. Rxg8+ Kxg8 37. Rd8+ Be8 38. Rxe8+ Kf7 39. Qg6# 1-0

[Event "Bottrop- Horst Emscher 2"]
[Site "?"]
[Date "2022.09.25"]
[Round "2.3"]
[White "Renn, Thorsten"]
[Black "Ruhmann, Gabriel"]
[Result "0-1"]
[WhiteElo "1875"]
[BlackElo "1803"]
[PlyCount "118"]
[SourceDate "2022.10.02"]

1. e4 g6 2. d4 Bg7 3. Be3 d6 4. Nc3 Nc6 5. Qd2 e5 6. dxe5 dxe5 7. Qxd8+ Nxd8 8.
Nb5 Ne6 9. Bc4 a6 10. Bxe6 axb5 11. Bxc8 Rxc8 12. O-O-O Bh6 13. Bxh6 Nxh6 14.
Nf3 f6 15. h3 Ke7 16. Rd2 Nf7 17. g4 Nd6 18. Re1 Ra8 19. Kb1 Ra4 20. c3 Rxe4
21. Rxe4 Nxe4 22. Re2 Nd6 23. g5 Nf7 24. gxf6+ Kxf6 25. Nd2 Nd6 26. Ne4+ Nxe4
27. Rxe4 Rf8 28. f4 exf4 29. Rxf4+ Ke7 30. Rb4 Rf5 31. c4 c6 32. a4 Kd6 33.
cxb5 cxb5 34. h4 Kc6 35. axb5+ Rxb5 36. Re4 Kd6 37. Kc2 Re5 38. Rf4 Ke6 39. Kd3
Rb5 40. b4 Rd5+ 41. Ke3 h6 42. Ke4 Rf5 43. Rg4 g5 44. hxg5 hxg5 45. Ke3 b5 46.
Rg1 Kf6 47. Rg4 Rd5 48. Rg1 Rf5 49. Rg4 Rf1 50. Rd4 Rh1 51. Ke4 Re1+ 52. Kd5
Rc1 53. Re4 Kf5 54. Re5+ Kf4 55. Ke6 Rc6+ 56. Kd7 Kxe5 57. Kxc6 g4 58. Kxb5 g3
59. Ka6 g2 0-1

[Event "Bottrop- Horst Emscher 2"]
[Site "?"]
[Date "2022.09.25"]
[Round "2.4"]
[White "Gierse, Heinz- Dieter"]
[Black "Verfuerth, Christian"]
[Result "1-0"]
[WhiteElo "1911"]
[BlackElo "1840"]
[PlyCount "105"]
[SourceDate "2022.10.02"]

1. Nf3 e6 2. g3 f5 3. Bg2 Nf6 4. d4 d5 5. O-O Bd6 6. c4 c6 7. b3 Qe7 8. Nbd2
O-O 9. Ne5 b6 10. Bb2 Bb7 11. Rc1 Rc8 12. e3 Nbd7 13. Re1 Ne4 14. Nd3 Ndf6 15.
f3 Nxd2 16. Qxd2 Ba3 17. c5 Bxb2 18. Qxb2 Nd7 19. b4 Ba6 20. Nf2 Qf6 21. Qc3 e5
22. Bh3 Rc7 23. a4 bxc5 24. bxc5 Rb7 25. Rb1 Rab8 26. Rxb7 Rxb7 27. Bf1 Bxf1
28. Kxf1 e4 29. f4 Qd8 30. Kg2 Qb8 31. Re2 Nf6 32. h3 Rb4 33. g4 fxg4 34. hxg4
Rxa4 35. Rb2 Qc8 36. Kg3 h5 37. g5 Ng4 38. Nxe4 Qa6 39. g6 Kf8 40. Rb8+ Ke7 41.
Qb3 Ra3 42. Re8+ Kxe8 43. Qb8+ Kd7 44. Qd6+ Kc8 45. Qf8+ Kd7 46. Qxg7+ Kd8 47.
Qf8+ Kd7 48. Qf7+ Kd8 49. Qf8+ Kd7 50. Qd6+ Ke8 51. g7 Rxe3+ 52. Kh4 Rh3+ 53.
Kg5 1-0

[Event "Bottrop- Horst Emscher 2"]
[Site "?"]
[Date "2022.09.25"]
[Round "2.5"]
[White "Tobctewski, Peter"]
[Black "Nowacki, Marcus"]
[Result "0-1"]
[WhiteElo "1884"]
[BlackElo "1803"]
[PlyCount "64"]
[SourceDate "2022.10.02"]

1. e4 d6 2. d4 Nd7 3. Nf3 e5 4. dxe5 dxe5 5. Bc4 Be7 6. O-O Ngf6 7. Nc3 O-O 8.
Re1 c6 9. h3 Qc7 10. Be3 b5 11. Bd3 Nc5 12. a3 Bb7 13. Bg5 Rad8 14. Qe2 Ne6 15.
Be3 a6 16. Nd1 Qd6 17. b3 c5 18. Nb2 Nxe4 19. c4 Nc3 20. Qc2 e4 21. Qxc3 Bf6
22. Qc2 exd3 23. Qd2 Bxf3 24. gxf3 Nd4 25. Bxd4 Qxd4 26. Rab1 Qc3 27. Qxc3 Bxc3
28. Rf1 Rfe8 29. cxb5 axb5 30. a4 Bxb2 31. Rxb2 bxa4 32. bxa4 c4 0-1

[Event "Bottrop- Horst Emscher 2"]
[Site "?"]
[Date "2022.09.25"]
[Round "2.6"]
[White "Jaeger, Heinz"]
[Black "Hiebsch, Catalina"]
[Result "1-0"]
[WhiteElo "1966"]
[BlackElo "1791"]
[PlyCount "93"]
[SourceDate "2022.10.02"]

1. d4 f5 2. Nf3 Nf6 3. Bg5 e6 4. Nbd2 Be7 5. Bxf6 Bxf6 6. e4 O-O 7. Bd3 d6 8.
c3 Nc6 9. Qc2 g6 10. O-O-O a6 11. d5 Ne7 12. dxe6 Bxe6 13. h4 b5 14. Ng5 Bc8
15. f4 c5 16. Ndf3 Qc7 17. Qe2 h6 18. exf5 hxg5 19. hxg5 Bxc3 20. bxc3 Bxf5 21.
Bxf5 Nxf5 22. Rh3 Rae8 23. Qc2 Re6 24. Rdh1 Qc6 25. Nh4 Nxh4 26. Rxh4 Qe4 27.
Rh8+ Kf7 28. R1h7+ Ke8 29. Rxf8+ Kxf8 30. Qxe4 Rxe4 31. Rd7 Re6 32. Kd2 a5 33.
Kd3 Ke8 34. Ra7 b4 35. Rxa5 bxc3 36. Ra7 Re4 37. Kxc3 Rxf4 38. Rg7 Rg4 39. Rxg6
Ke7 40. Rg7+ Ke6 41. Rg8 Rxg2 42. a4 d5 43. g6 Rg3+ 44. Kb2 c4 45. g7 Kf7 46.
Rd8 Rxg7 47. Rd7+ 1-0

[Event "Bottrop- Horst Emscher 2"]
[Site "?"]
[Date "2022.09.25"]
[Round "2.7"]
[White "Schreiner, Paulo"]
[Black "Kuesgen, Dirk"]
[Result "0-1"]
[WhiteElo "1840"]
[BlackElo "1694"]
[PlyCount "116"]
[SourceDate "2022.10.02"]

1. d4 f5 2. e4 fxe4 3. Nc3 Nf6 4. Bg5 c6 5. d5 Qa5 6. Bxf6 exf6 7. d6 Qe5 8.
Bc4 Bxd6 9. Nge2 Bc7 10. Qd2 d5 11. Bb3 Na6 12. O-O-O Nc5 13. Rhe1 Nxb3+ 14.
axb3 O-O 15. f3 exf3 16. gxf3 Qd6 17. Kb1 Bd7 18. Ne4 Qe7 19. N2c3 Qf7 20. Nc5
Bc8 21. h4 b6 22. Nd3 Bg3 23. Rh1 Bf5 24. f4 Bxd3 25. cxd3 Qc7 26. Rdf1 Rae8
27. Ne2 Rxe2 28. Qxe2 Bxf4 29. Qe6+ Kh8 30. d4 Qd6 31. Re1 c5 32. Qxd6 Bxd6 33.
Re6 Bf4 34. h5 h6 35. Rhe1 cxd4 36. Re8 Kg8 37. R1e7 Rxe8 38. Rxe8+ Kf7 39. Rd8
Ke6 40. Kc2 a5 41. Kd3 Be5 42. Ra8 Kd6 43. Rg8 f5 44. Rb8 Kc5 45. b4+ axb4 46.
Rc8+ Kd6 47. b3 f4 48. Ke2 Kd7 49. Rc1 Kd6 50. Rc8 Bf6 51. Rb8 Kc7 52. Rf8 Kd6
53. Rb8 Ke5 54. Rxb6 Ke4 55. Rxb4 f3+ 56. Kf1 Ke3 57. Rb5 d3 58. Rxd5 Bd4 0-1

[Event "Bottrop- Horst Emscher 2"]
[Site "?"]
[Date "2022.09.25"]
[Round "2.8"]
[White "Kovar, Matej"]
[Black "Konietzka, Bernd"]
[Result "1/2-1/2"]
[WhiteElo "1543"]
[BlackElo "1894"]
[PlyCount "62"]
[SourceDate "2022.10.02"]

1. d4 d5 2. c4 c6 3. cxd5 cxd5 4. Nf3 Nc6 5. Nc3 Nf6 6. a3 e6 7. Bf4 Bd6 8.
Bxd6 Qxd6 9. e3 O-O 10. Bd3 a6 11. O-O e5 12. dxe5 Nxe5 13. Nxe5 Qxe5 14. h3
Bd7 15. Rb1 Rfd8 16. Ne2 Rac8 17. Nd4 Ne4 18. Bxe4 dxe4 19. Qe2 Qg5 20. Kh1 Qh4
21. f3 Bc6 22. f4 Bd5 23. Rfc1 h6 24. Rxc8 Rxc8 25. Qe1 Qxe1+ 26. Rxe1 Bc4 27.
Rc1 Be6 28. Rxc8+ Bxc8 29. Kg1 Kf8 30. Kf2 Ke7 31. Ke2 Bd7 1/2-1/2

[Event "Annen- Sterkrade"]
[Site "?"]
[Date "2022.09.25"]
[Round "2.1"]
[White "Bashirov, Kemal"]
[Black "Wicht, Juergen"]
[Result "1/2-1/2"]
[WhiteElo "2178"]
[BlackElo "2035"]
[PlyCount "111"]
[SourceDate "2022.10.02"]

1. e4 d6 2. d4 Nf6 3. Nd2 c6 4. Ngf3 Bg4 5. Bc4 d5 6. Bb3 e6 7. e5 Ne4 8. Qe2
Nxd2 9. Bxd2 Qb6 10. c3 c5 11. dxc5 Bxc5 12. Ba4+ Nc6 13. b4 Be7 14. Be3 Qd8
15. h3 Bxf3 16. Qxf3 Bg5 17. Bc5 Be7 18. Qe3 O-O 19. Bxe7 Qxe7 20. O-O Rac8 21.
f4 d4 22. cxd4 Qxb4 23. Bxc6 Rxc6 24. Rab1 Qe7 25. d5 exd5 26. Qxa7 Ra6 27.
Qxb7 Qxb7 28. Rxb7 Rxa2 29. Rd7 Rd2 30. f5 h5 31. f6 gxf6 32. Rxf6 Re8 33. Rf5
h4 34. Rfxf7 Rxe5 35. Rg7+ Kf8 36. Rdf7+ Ke8 37. Ra7 Kf8 38. Rh7 Kg8 39. Rhd7
Re1+ 40. Kh2 Rf1 41. Rg7+ Kf8 42. Rh7 Kg8 43. Rag7+ Kf8 44. Rd7 Kg8 45. Rxh4
Rf7 46. Rd8+ Kg7 47. Rh5 d4 48. Rg5+ Kf6 49. Rgd5 Rg7 50. R8d6+ Ke7 51. Rd7+
Ke6 52. R5d6+ Ke5 53. Rd5+ Ke6 54. R5d6+ Ke5 55. Rd5+ Ke6 56. R5d6+ 1/2-1/2

[Event "Annen- Sterkrade"]
[Site "?"]
[Date "2022.09.25"]
[Round "2.2"]
[White "Mainka, Gregor"]
[Black "Aulich, Marcell"]
[Result "1-0"]
[WhiteElo "2085"]
[BlackElo "2147"]
[PlyCount "61"]
[SourceDate "2022.10.02"]

1. Nf3 Nf6 2. g3 d5 3. Bg2 g6 4. b3 Bg7 5. Bb2 O-O 6. c4 dxc4 7. bxc4 c5 8. O-O
Nc6 9. Ne5 Qd6 10. Nxc6 bxc6 11. d3 h5 12. Qa4 Bd7 13. Nd2 h4 14. Rad1 hxg3 15.
hxg3 e5 16. Ba3 Rfb8 17. Nb3 Rxb3 18. Qxb3 Ng4 19. Qb7 Rd8 20. Qxa7 Bf8 21. Rb1
g5 22. Rb7 Qh6 23. Rfb1 Qh2+ 24. Kf1 Bc8 25. Rxf7 Nh6 26. Rxf8+ Rxf8 27. Qxc5
Rd8 28. Qe7 Nf7 29. Qf6 Bh3 30. Qg6+ Kh8 31. Qh5+ 1-0

[Event "Annen- Sterkrade"]
[Site "?"]
[Date "2022.09.25"]
[Round "2.3"]
[White "Grewe, Ludger"]
[Black "Dahlbeck, Mirko"]
[Result "1-0"]
[WhiteElo "2108"]
[BlackElo "1942"]
[PlyCount "93"]
[SourceDate "2022.10.02"]

1. e4 c5 2. Nf3 Nc6 3. d4 cxd4 4. Nxd4 Nf6 5. Nc3 e5 6. Ndb5 d6 7. Bg5 a6 8.
Na3 b5 9. Nd5 Be7 10. Bxf6 Bxf6 11. c3 O-O 12. Nc2 Rb8 13. Bd3 Bg5 14. Ncb4
Nxb4 15. Nxb4 Bb7 16. Bc2 f5 17. Nd5 f4 18. h4 Bh6 19. f3 Kh8 20. Bb3 a5 21. a3
g6 22. Qd2 b4 23. axb4 Bxd5 24. Bxd5 axb4 25. c4 Bg7 26. Qf2 Bf6 27. Ke2 Qc8
28. Qa7 h6 29. Ra6 Qc5 30. Qxc5 dxc5 31. h5 gxh5 32. Rxh5 Bg5 33. Rg6 Rg8 34.
Rxg8+ Rxg8 35. Bxg8 Kxg8 36. Rh1 Kf7 37. Ra1 h5 38. Ra6 Bf6 39. Rc6 Be7 40. Rh6
h4 41. Rc6 Bf8 42. Kf1 Be7 43. Kg1 Ke8 44. Kh2 Kd7 45. Rg6 Bd8 46. Kh3 b3 47.
Ra6 1-0

[Event "Annen- Sterkrade"]
[Site "?"]
[Date "2022.09.25"]
[Round "2.4"]
[White "Al Ali, Mohammad"]
[Black "Kuckling, Hannah"]
[Result "0-1"]
[WhiteElo "1833"]
[BlackElo "2060"]
[PlyCount "86"]
[SourceDate "2022.10.02"]

1. Nf3 d5 2. e3 Nf6 3. c4 e6 4. Nc3 a6 5. a3 dxc4 6. Bxc4 b5 7. Be2 Bb7 8. O-O
c5 9. d4 Nbd7 10. dxc5 Bxc5 11. b4 Bb6 12. a4 bxa4 13. Nxa4 O-O 14. Ba3 Re8 15.
Nc5 Nxc5 16. bxc5 Bc7 17. Qc2 Be4 18. Qa4 Qd5 19. h3 Reb8 20. Rfd1 Qf5 21. Nd4
Qg6 22. Bf3 Bxf3 23. Nxf3 Nd5 24. Rac1 a5 25. Qd4 Rb3 26. Qa4 Rab8 27. Nd4 Qe4
28. Rc4 Nxe3 29. f3 Qd5 30. Rcc1 Nxd1 31. Nxb3 Qd3 32. Qd4 Rxb3 33. Rxd1 Qxd4+
34. Rxd4 h6 35. Ra4 Bg3 36. Kf1 Re3 37. Re4 Rxa3 38. Rc4 Rb3 39. f4 Rb4 40. Rc3
Bxf4 41. c6 Rb8 42. Ke2 Kf8 43. Kf3 Bc7 0-1

[Event "Annen- Sterkrade"]
[Site "?"]
[Date "2022.09.25"]
[Round "2.5"]
[White "Finke, Tobias"]
[Black "Herrmann, Uwe"]
[Result "1-0"]
[WhiteElo "2015"]
[BlackElo "1878"]
[PlyCount "53"]
[SourceDate "2022.10.02"]

1. Nf3 Nf6 2. c4 g6 3. b3 Bg7 4. Bb2 O-O 5. g3 c6 6. Bg2 d5 7. O-O Re8 8. d3
Nbd7 9. Qc2 b6 10. Nbd2 e5 11. e3 Bb7 12. Rfd1 Rc8 13. Rac1 Qe7 14. Qb1 Qd6 15.
cxd5 cxd5 16. Bh3 Rxc1 17. Rxc1 Ba6 18. d4 exd4 19. Bxd4 Nc5 20. Qa1 Nh5 21.
Bxg7 Nxg7 22. Nd4 Nge6 23. N2f3 Rc8 24. Nxe6 Nxe6 25. Rxc8+ Bxc8 26. Qf6 Bb7
27. Ne5 1-0

[Event "Annen- Sterkrade"]
[Site "?"]
[Date "2022.09.25"]
[Round "2.6"]
[White "Daemmrich, Lars"]
[Black "De Boer, Bas"]
[Result "0-1"]
[WhiteElo "1954"]
[BlackElo "2204"]
[PlyCount "84"]
[SourceDate "2022.10.02"]

1. e4 c5 2. Nf3 d6 3. d4 cxd4 4. Nxd4 Nf6 5. Nc3 a6 6. Be2 e5 7. Nb3 Be7 8. Be3
Be6 9. Nd5 Nbd7 10. Nxe7 Qxe7 11. f3 d5 12. exd5 Nxd5 13. Bf2 Nf4 14. O-O Rc8
15. Re1 O-O 16. c3 Rfd8 17. Qc2 Qg5 18. Bg3 Bf5 19. Bxf4 exf4 20. Bd3 Bxd3 21.
Qxd3 Ne5 22. Qe4 Nc4 23. Re2 b5 24. Nd4 g6 25. Nc6 Qc5+ 26. Nd4 Nxb2 27. Qxf4
Na4 28. Rae1 Nxc3 29. Rd2 Re8 30. Rxe8+ Rxe8 31. Kf2 Nd5 32. Qg5 f6 33. Qg4 Qc1
34. Re2 Rxe2+ 35. Kxe2 Nf4+ 36. Kf2 Qd2+ 37. Kg3 Qxd4 38. Qc8+ Kf7 39. Qb7+ Ke8
40. Qb8+ Ke7 41. Qc7+ Ke6 42. Qc8+ Kd5 0-1

[Event "Annen- Sterkrade"]
[Site "?"]
[Date "2022.09.25"]
[Round "2.7"]
[White "Farber, Lennart"]
[Black "Hartung, Thomas"]
[Result "0-1"]
[WhiteElo "1751"]
[BlackElo "1873"]
[PlyCount "110"]
[SourceDate "2022.10.02"]

1. Nf3 Nf6 2. c4 g6 3. d4 c5 4. d5 b5 5. cxb5 a6 6. e3 Bg7 7. Nc3 d6 8. bxa6
O-O 9. e4 Nbd7 10. Bd3 Bxa6 11. Bxa6 Rxa6 12. O-O Qb6 13. Qe2 Rfa8 14. a3 Ng4
15. Bd2 Nge5 16. Nxe5 Nxe5 17. f4 Nd3 18. e5 c4+ 19. Be3 Qxb2 20. Qxb2 Nxb2 21.
Rfb1 Nd3 22. Rb7 dxe5 23. fxe5 Bxe5 24. Bd2 Rxa3 25. Rxa3 Rxa3 26. Nb1 Ra1 27.
d6 exd6 28. Bh6 d5 29. Kf1 Nb2 30. Re7 Rxb1+ 31. Ke2 f5 32. Rxe5 Re1+ 33. Kxe1
Nd3+ 34. Kd2 Nxe5 35. Kc3 Kf7 36. Kd4 Ke6 37. h3 Nf7 38. Bf4 Nd6 39. Kc5 Ne4+
40. Kd4 g5 41. Be3 f4 42. Bc1 h6 43. Ba3 Nd6 44. Kc5 Nf5 45. Kb4 Ne3 46. Kc3
d4+ 47. Kd2 Nxg2 48. Bf8 h5 49. Bg7 Kd5 50. Ke2 g4 51. hxg4 hxg4 52. Kf2 c3 53.
Ke2 f3+ 54. Kf2 c2 55. Bh6 Ne3 0-1

[Event "Annen- Sterkrade"]
[Site "?"]
[Date "2022.09.25"]
[Round "2.8"]
[White "Schmidt, Hendrik"]
[Black "Neugebauer, Philipp"]
[Result "1-0"]
[WhiteElo "2117"]
[BlackElo "1776"]
[PlyCount "89"]
[SourceDate "2022.10.02"]

1. e4 e6 2. d4 d5 3. e5 c5 4. c3 Nc6 5. Nf3 Bd7 6. Bd3 cxd4 7. O-O dxc3 8. Nxc3
a6 9. a3 Qc7 10. Re1 Nge7 11. h4 Ng6 12. Qe2 h5 13. Bxg6 fxg6 14. Bg5 Be7 15.
Rac1 Bxg5 16. Nxg5 O-O 17. g3 Rf5 18. f4 Qa5 19. Nf3 b5 20. Nd1 b4 21. Ne3 Rff8
22. Qd3 Ne7 23. Nd4 bxa3 24. Qxa3 Qxa3 25. bxa3 Rfc8 26. Nb3 Kf7 27. Kf2 Rab8
28. Nc5 Rb2+ 29. Re2 Rxe2+ 30. Kxe2 Bb5+ 31. Kd2 Nf5 32. Nxf5 gxf5 33. Nxe6
Rxc1 34. Ng5+ Ke7 35. Kxc1 Kd7 36. Kd2 Kc6 37. Kc3 Kd7 38. Kd4 Bc4 39. Kc5 Ke7
40. Nf3 g6 41. Nd4 Ba2 42. a4 Bc4 43. a5 Kd7 44. Nc6 Ke6 45. Nb4 1-0

[Event "Buer- Gladbeck"]
[Site "?"]
[Date "2022.09.25"]
[Round "2.1"]
[White "Hassenrueck, Helmut"]
[Black "Hammerich, Simon"]
[Result "1-0"]
[WhiteElo "2150"]
[BlackElo "2092"]
[PlyCount "97"]
[SourceDate "2022.10.02"]

1. d4 Nf6 2. Nf3 d5 3. c4 e6 4. Nc3 c5 5. cxd5 cxd4 6. Qxd4 exd5 7. e4 Nc6 8.
Bb5 dxe4 9. Qxd8+ Kxd8 10. Ng5 Be6 11. Nxe6+ fxe6 12. Bg5 Bb4 13. O-O-O+ Ke7
14. Nxe4 Rac8 15. Kb1 a6 16. Be2 Rhd8 17. a3 Ba5 18. Nc5 Nd4 19. Nxb7 Nxe2 20.
Nxa5 Rxd1+ 21. Rxd1 Rc5 22. Bd2 Rd5 23. Bb4+ Kd7 24. Rxd5+ exd5 25. Nb3 Kc6 26.
f3 Kb5 27. Kc2 Kc4 28. Bf8 g6 29. Bg7 Nd7 30. Nd2+ Kb5 31. g3 Nc5 32. Nb1 Kc4
33. Nd2+ Kb5 34. Kd1 Ng1 35. Bd4 Nh3 36. Bxc5 Kxc5 37. Ke2 Ng5 38. Kd3 Kd6 39.
b4 h5 40. f4 Ne6 41. Nf3 Ke7 42. Nd4 Nc7 43. Nc6+ Ke6 44. a4 Kf5 45. h3 h4 46.
Nd4+ Kf6 47. g4 g5 48. f5 Ke5 49. Ne6 1-0

[Event "Buer- Gladbeck"]
[Site "?"]
[Date "2022.09.25"]
[Round "2.2"]
[White "Wiechen, Ulrich"]
[Black "Frohne, Gerd"]
[Result "1/2-1/2"]
[WhiteElo "1941"]
[BlackElo "2050"]
[PlyCount "119"]
[SourceDate "2022.10.02"]

1. e4 e6 2. d4 d5 3. Nc3 Nf6 4. Bg5 dxe4 5. Nxe4 Be7 6. Bxf6 gxf6 7. Nf3 f5 8.
Nc3 a6 9. Qd2 b5 10. O-O-O b4 11. Ne2 Qd5 12. Kb1 Nd7 13. Nf4 Qd6 14. h4 Bb7
15. Rh3 Rg8 16. Be2 Nf6 17. Ne5 c5 18. Qe3 Rd8 19. Nc4 Qc7 20. Rg3 Rxg3 21.
fxg3 cxd4 22. Rxd4 Rxd4 23. Qxd4 Qc5 24. Qxc5 Bxc5 25. Nd3 Be7 26. Bf3 Bxf3 27.
gxf3 Nh5 28. g4 fxg4 29. fxg4 Ng3 30. Nce5 f5 31. g5 Bd6 32. Nc4 Be7 33. Nce5
Ne2 34. Nc6 Bd6 35. Ncxb4 Nd4 36. c4 a5 37. Nc2 Nf3 38. c5 Bg3 39. h5 Nxg5 40.
Nd4 Kd7 41. Kc2 Ne4 42. Kb3 Nf6 43. Ka4 Nxh5 44. Kxa5 Ng7 45. c6+ Kc8 46. b4 e5
47. Ne2 e4 48. Nxg3 exd3 49. Nf1 h5 50. b5 h4 51. Kb4 Ne6 52. Kc4 Nf4 53. Kc3
Kc7 54. Kd2 h3 55. a4 Ne6 56. Kxd3 Nc5+ 57. Kd4 Nxa4 58. Ke5 Nc3 59. Kxf5 Nxb5
60. Kg4 1/2-1/2

[Event "Buer- Gladbeck"]
[Site "?"]
[Date "2022.09.25"]
[Round "2.3"]
[White "Berg, Dietmar"]
[Black "Winzbeck, Frank"]
[Result "0-1"]
[WhiteElo "1970"]
[BlackElo "1867"]
[PlyCount "122"]
[SourceDate "2022.10.02"]

1. d4 Nf6 2. Nf3 d5 3. e3 Bg4 4. c4 c6 5. Nc3 Nbd7 6. h3 Bh5 7. g4 Bg6 8. cxd5
cxd5 9. Ne5 a6 10. h4 h6 11. Nxg6 fxg6 12. Bd3 Qa5 13. Bxg6+ Kd8 14. Bd2 e6 15.
a3 Rc8 16. Bd3 Qb6 17. Na4 Qa7 18. Rg1 Bd6 19. f4 b5 20. Nc3 Nb6 21. Ne2 Nc4
22. Bxc4 Rxc4 23. Ba5+ Bc7 24. Bb4 Ne4 25. b3 Rc6 26. a4 bxa4 27. Rxa4 Kd7 28.
Qa1 Rb8 29. Nc3 Nxc3 30. Bxc3 Rxb3 31. Bd2 Qb7 32. Kf2 Rb2 33. Ra2 Rcc2 34.
Rxb2 Rxb2 35. Qa4+ Ke7 36. Rd1 Kf7 37. Qd7+ Kf8 38. Kf3 Rc2 39. Qa4 Qb2 40.
Bb4+ Kg8 41. Bd2 Rxd2 42. Rxd2 Qxd2 43. Qe8+ Kh7 44. h5 Qd3 45. Kf2 Qe4 46. Qf7
Bd6 47. f5 exf5 48. Qg6+ Kg8 49. Qxd6 fxg4 50. Qxa6 Qf3+ 51. Ke1 Qxe3+ 52. Kf1
Qf3+ 53. Ke1 g3 54. Qe6+ Qf7 55. Qc8+ Kh7 56. Qc2+ g6 57. hxg6+ Qxg6 58. Qc7+
Qg7 59. Qc8 g2 60. Qf5+ Kh8 61. Qc8+ Qg8 0-1

[Event "Buer- Gladbeck"]
[Site "?"]
[Date "2022.09.25"]
[Round "2.4"]
[White "Hirschberg, Markus"]
[Black "Kruse, Peter"]
[Result "1/2-1/2"]
[WhiteElo "1816"]
[BlackElo "1952"]
[PlyCount "75"]
[SourceDate "2022.10.02"]

1. e4 c5 2. Nf3 Nc6 3. d4 cxd4 4. Nxd4 Nf6 5. Nc3 d6 6. Be2 g6 7. Be3 a6 8. a3
Qc7 9. O-O Bg7 10. f4 O-O 11. Nb3 e6 12. g4 d5 13. e5 Nd7 14. g5 Ndxe5 15. fxe5
Bxe5 16. Rf2 Bxh2+ 17. Kh1 Be5 18. Qd2 d4 19. Nxd4 Rd8 20. Raf1 Nxd4 21. Rxf7
Qxf7 22. Rxf7 Kxf7 23. Bd3 Nf5 24. Bf4 Bd4 25. Qh2 Kg8 26. Be5 b5 27. Be4 Ra7
28. Bxd4 Nxd4 29. Qe5 Rf7 30. Kg2 Nxc2 31. Bxc2 Rd2+ 32. Kg3 Rxc2 33. Ne4 Rc6
34. Nf6+ Kf8 35. Qd4 Ke7 36. Qa7+ Kf8 37. Qd4 Ke7 38. Qa7+ 1/2-1/2

[Event "Buer- Gladbeck"]
[Site "?"]
[Date "2022.09.25"]
[Round "2.5"]
[White "Rickert, Stefan"]
[Black "Strohmann, Andreas"]
[Result "1/2-1/2"]
[WhiteElo "1895"]
[BlackElo "1862"]
[PlyCount "82"]
[SourceDate "2022.10.02"]

1. e4 d5 2. exd5 Nf6 3. d4 Nxd5 4. Nf3 Bg4 5. Bc4 e6 6. O-O c6 7. Bb3 Qf6 8.
Nbd2 Nd7 9. c4 Bxf3 10. Nxf3 Nf4 11. g3 Ng6 12. Bg5 Qf5 13. d5 Nde5 14. Nxe5
Nxe5 15. Bf4 O-O-O 16. Bc2 Qf6 17. Qe2 Bd6 18. c5 Bb8 19. d6 Ng6 20. Bd2 Qd4
21. b4 Ne5 22. Rfd1 f6 23. Kg2 Qc4 24. Qxc4 Nxc4 25. Bb3 b5 26. Bc3 Kd7 27. Re1
Rhe8 28. a4 e5 29. Bxc4 bxc4 30. Re4 a6 31. Rxc4 Ke6 32. Re1 Ba7 33. f4 Kd5 34.
Rce4 a5 35. fxe5 fxe5 36. Rxe5+ Rxe5 37. Rxe5+ Kc4 38. Be1 axb4 39. Re4+ Kxc5
40. Bxb4+ Kd5 41. Re7 Bd4 1/2-1/2

[Event "Buer- Gladbeck"]
[Site "?"]
[Date "2022.09.25"]
[Round "2.6"]
[White "Gritzan, Ulrich"]
[Black "Huttny, Georg"]
[Result "0-1"]
[WhiteElo "1864"]
[BlackElo "1808"]
[PlyCount "98"]
[SourceDate "2022.10.02"]

1. c4 c5 2. Nf3 g6 3. g3 Bg7 4. Bg2 Nc6 5. O-O e5 6. Nc3 Nge7 7. d3 O-O 8. Bd2
h6 9. Rb1 d6 10. a3 a5 11. h3 Rb8 12. Kh2 Kh7 13. e3 Be6 14. Ne1 f5 15. f4 d5
16. cxd5 Nxd5 17. Qf3 e4 18. dxe4 Nxc3 19. Bxc3 Bxc3 20. bxc3 fxe4 21. Qe2 Qf6
22. Qc2 b5 23. Bxe4 Ne7 24. g4 Nd5 25. Ng2 Nxc3 26. Bxg6+ Qxg6 27. Qxc3 Bc4 28.
Rfd1 Rbd8 29. Qxa5 Bd3 30. Qc7+ Qg7 31. Qxg7+ Kxg7 32. Rbc1 Bc4 33. e4 Rxd1 34.
Rxd1 Ra8 35. Ra1 b4 36. Rc1 bxa3 37. Rxc4 a2 38. Rc1 a1=Q 39. Rxa1 Rxa1 40. Ne3
Re1 41. Nf5+ Kh7 42. Nd6 Rd1 43. e5 Rd4 44. f5 c4 45. e6 Rxd6 46. e7 Rd2+ 47.
Kg3 Re2 48. f6 Kg6 49. Kf3 Re6 0-1

[Event "Buer- Gladbeck"]
[Site "?"]
[Date "2022.09.25"]
[Round "2.7"]
[White "Busch, Udo"]
[Black "Gill, Stephan"]
[Result "0-1"]
[WhiteElo "1781"]
[BlackElo "1815"]
[PlyCount "62"]
[SourceDate "2022.10.02"]

1. d4 f5 2. c4 Nf6 3. Nc3 g6 4. Nf3 Bg7 5. e3 d6 6. Bd3 O-O 7. O-O Qe8 8. d5 e5
9. dxe6 Bxe6 10. Qc2 Na6 11. a3 Nc5 12. Ng5 Nxd3 13. Qxd3 h6 14. Nxe6 Qxe6 15.
Nb5 Qf7 16. Rb1 a6 17. Nc3 Rfd8 18. Rd1 c6 19. b4 d5 20. c5 Ne4 21. Bb2 Be5 22.
Nxe4 fxe4 23. Qe2 Qf6 24. Bxe5 Qxe5 25. Rd4 Rf8 26. a4 Rf6 27. Rf1 h5 28. f4
exf3 29. Rxf3 Rxf3 30. gxf3 Re8 31. b5 Qxd4 0-1

[Event "Buer- Gladbeck"]
[Site "?"]
[Date "2022.09.25"]
[Round "2.8"]
[White "Klein, Andreas"]
[Black "Wendt, Peter"]
[Result "1/2-1/2"]
[WhiteElo "1673"]
[BlackElo "1776"]
[PlyCount "42"]
[SourceDate "2022.10.02"]

1. e4 d6 2. Nf3 g6 3. d4 Nf6 4. Bd3 Bg7 5. c3 O-O 6. O-O Nbd7 7. Nbd2 c5 8. d5
a6 9. a4 b6 10. Re1 Bb7 11. Nf1 Ng4 12. h3 Nge5 13. Nxe5 Nxe5 14. f4 Nxd3 15.
Qxd3 Qc7 16. Ne3 Qd7 17. b3 b5 18. axb5 axb5 19. Bd2 e6 20. Qc2 Rfc8 21. Red1
Qe7 1/2-1/2

[Event "Hamm- Brackel 3"]
[Site "?"]
[Date "2022.09.25"]
[Round "2.1"]
[White "Bree, Thomas"]
[Black "Spyrou, Emmanouil"]
[Result "1/2-1/2"]
[WhiteElo "2049"]
[BlackElo "2136"]
[PlyCount "55"]
[SourceDate "2022.10.02"]

1. d4 g6 2. c4 Bg7 3. Nc3 d6 4. e4 e5 5. d5 a5 6. Be2 Na6 7. h4 h5 8. b3 Nh6 9.
Nf3 O-O 10. Bg5 f6 11. Bd2 Ng4 12. O-O Nc5 13. Rc1 f5 14. exf5 gxf5 15. Bg5 Qe8
16. Nh2 Qg6 17. Nxg4 hxg4 18. f3 Bf6 19. Bxf6 Qxf6 20. fxg4 Qxh4 21. gxf5 Bxf5
22. Qe1 Qg5 23. Rf3 Bg6 24. Rg3 Qh6 25. Rh3 Qf4 26. Nb5 Na6 27. Rf3 Qe4 28. Rg3
1/2-1/2

[Event "Hamm- Brackel 3"]
[Site "?"]
[Date "2022.09.25"]
[Round "2.2"]
[White "Schlaap, Ralf"]
[Black "Bungarten, Jonas"]
[Result "1-0"]
[WhiteElo "2074"]
[BlackElo "2136"]
[PlyCount "55"]
[SourceDate "2022.10.02"]

1. e4 e5 2. Nf3 Nc6 3. Bc4 Nf6 4. Ng5 Bc5 5. Bxf7+ Ke7 6. Bb3 Rf8 7. d3 d6 8.
Be3 Bg4 9. Qd2 h6 10. h3 Bd7 11. Bxc5 dxc5 12. Nf3 Qe8 13. Qc3 Qg6 14. Qxc5+
Ke8 15. Nbd2 Qxg2 16. O-O-O b6 17. Qe3 Qg6 18. Bd5 Qh5 19. Rhg1 Qxh3 20. Rh1
Qg4 21. Rdg1 Qf4 22. Qxf4 exf4 23. Bxc6 Bxc6 24. Rxg7 h5 25. Ne5 Bb7 26. Rxc7
Bc8 27. Ndc4 Rg8 28. Rf7 1-0